Convenios colectivos de trabajo : (Record no. 2471)
[ view plain ]
| 000 -LEADER | |
|---|---|
| fixed length control field | 00637nam a22002175a 4500 |
| 001 - CONTROL NUMBER | |
| control field | 002580 |
| 003 - CONTROL NUMBER IDENTIFIER | |
| control field | armpunfd |
| 005 - DATE AND TIME OF LATEST TRANSACTION | |
| control field | 20140612090709.0 |
| 008 - FIXED-LENGTH DATA ELEMENTS--GENERAL INFORMATION | |
| fixed length control field | 121005s2010####xx############000#0#und#d |
| 020 ## - INTERNATIONAL STANDARD BOOK NUMBER | |
| International Standard Book Number | 9789871732104 |
| 040 ## - CATALOGING SOURCE | |
| Original cataloging agency | armpunfd |
| Transcribing agency | armpunfd |
| 080 ## - UNIVERSAL DECIMAL CLASSIFICATION NUMBER | |
| Universal Decimal Classification number | 349.2 SL 16 |
| 100 1# - MAIN ENTRY--PERSONAL NAME | |
| Personal name | Slavin, Luis Pablo. |
| 245 10 - TITLE STATEMENT | |
| Title | Convenios colectivos de trabajo : |
| Remainder of title | Conflictos de encuadramiento / |
| Statement of responsibility, etc | Slavin, Luis Pablo. |
| 260 ## - PUBLICATION, DISTRIBUTION, ETC. (IMPRINT) | |
| Place of publication, distribution, etc | Mar del Plata : |
| Name of publisher, distributor, etc | Ediciones Suarez, |
| Date of publication, distribution, etc | 2010. |
| 300 ## - PHYSICAL DESCRIPTION | |
| Extent | 201 p. |
| 650 #7 - SUBJECT ADDED ENTRY--TOPICAL TERM | |
| Topical term or geographic name as entry element | Convenios Colectivos de Trabajo |
| Source of heading or term | LEMB |
| 650 #7 - SUBJECT ADDED ENTRY--TOPICAL TERM | |
| Topical term or geographic name as entry element | Derecho laboral |
| Source of heading or term | LEMB |
| 942 ## - ADDED ENTRY ELEMENTS (KOHA) | |
| Koha item type | LIBRO |
| Source of classification or shelving scheme | |
| 945 ## - LOCAL PROCESSING INFORMATION (OCLC) | |
| a | sa |
| d | 2012-11-21 |
| Withdrawn status | Lost status | Source of classification or shelving scheme | Damaged status | Not for loan | Home library | Current library | Shelving location | Date acquired | Total Checkouts | Barcode | Date last seen | Date checked out | Price effective from | Koha item type |
|---|---|---|---|---|---|---|---|---|---|---|---|---|---|---|
| Bib. Derecho | Bib. Derecho | Sala de Lectura | 12/06/2014 | 3 | 202563 | 17/09/2018 | 14/09/2018 | 12/06/2014 | LIBRO (Consulta) |
